Normal view
MARC view
Entry Uniform Title
001 - CONTROL NUMBER
- control field: 7839
003 - CONTROL NUMBER IDENTIFIER
- control field: ARRUPE
005 - DATE AND TIME OF LATEST TRANSACTION
- control field: 20140204141939.0
008 - FIXED-LENGTH DATA ELEMENTS
- fixed length control field: 140204|| aca||aabn | a|a d
040 ## - CATALOGING SOURCE
- Original cataloging agency: ARRUPE
- Transcribing agency: ARRUPE
130 ## - HEADING--UNIFORM TITLE
- Uniform title: Bible
- General subdivision: Criticism, interpretation, etc.
670 ## - SOURCE DATA FOUND
- Source citation: Work cat.: (ARRUPE)0: Countryman, Louis William, 1941- 7837, Biblical authority or biblical tyranny :, c1994.